| 000 | 00509cam a22001695i 4500 | ||
|---|---|---|---|
| 001 | 19693543 | ||
| 005 | 20170811102919.0 | ||
| 008 | 170607s2017 ii 000 0 eng | ||
| 020 | _a9789352641024 | ||
| 040 | _cPK-LaUMT | ||
| 082 |
_a954.0359 _bSHA-R |
||
| 100 | _aSharma, Arvind | ||
| 245 | 0 | 4 |
_aThe ruler's gaze : _ba study of British rule over India from a Saidian perspective / _cArvind Sharma |
| 260 |
_aNoida, India : _bHarperCollins Publishers India, _c2017 |
||
| 300 | _aviii, 427 p. | ||
| 942 | _cBK | ||
| 999 |
_c96956 _d96956 |
||